| 000 | 00448nam a22001457a 4500 | ||
|---|---|---|---|
| 082 | _aT-184 | ||
| 100 |
_aMustafa Sultan _950779 |
||
| 245 |
_aIdentification of CSFs and barriers in implementation of fast track construction projects in Pakistan _cMustafa Sultan |
||
| 260 |
_aRisalpur, _bMCE, _c2015. |
||
| 300 | _a94p. | ||
| 526 |
_a0 _b0 _c0 _dT_184 |
||
| 526 |
_a0 _b0 _c0 _dT_184 |
||
| 700 |
_aSupervisor Dr.Shahid Iqbal _920110 |
||
| 942 |
_2ddc _cBK |
||
| 999 |
_c553535 _d553535 |
||